| 000 | 00608cam a22002052 4500 | ||
|---|---|---|---|
| 001 | 0000004344 | ||
| 005 | 20151217145804.0 | ||
| 008 | 070522s xx 000 0 eng d | ||
| 020 | _a818128089X : | ||
| 040 |
_aKABU _cKABU |
||
| 050 | 0 |
_aQA76.76 _b.T48B87 |
|
| 100 | 1 |
_aBurnstein, Ilene. _@0000154852 |
|
| 245 | 1 | 0 |
_aPractical software testing : _ba process-oriented approach. |
| 260 |
_aNew Delhi : _bSpringer (India), _c2003. |
||
| 300 | _axxi, 709 p. | ||
| 650 | 0 |
_aComputer software _xTesting. _@0000154853 |
|
| 908 | _a070522 | ||
| 950 | _@1 | ||
| 999 |
_c2624 _d2624 |
||